000 00725nas a2200253 4500
001 BR7700037
003 BR-BrBNA
005 20231205083027.0
007 ta
008 230509b bl.|||p| |||| 00| 00por d
040 _aBR-BrBNA
_bpor
_cBiblioteca Nacional de Agricultura
041 _a(Pt)
072 _aL73
100 1 _aPereira Filho, M.
100 1 _aRocha, J.V.N. da
245 1 _aControle de raiva canina na cidade de Salvador [Brasil]
650 _aVACINA
650 _aRAIVA
650 _aCAO
650 _aSALVADOR
773 0 _tBoletim do Instituto Biologico da Bahia (Brazil)
_xISSN 0020-3661
_g(1975), v. 14(1) p. 110-113
_wBR7700037
909 _a202311
_bLúcia
_c55
_dLúcia Elande
942 _2AGRIS
_n0
_cANA
999 _c95862
_d95862